000 00651nam a22001937a 4500
999 _c166480
_d166480
005 20190725105651.0
010 _aUR-10282
020 _c350.00
_a-
035 _aU-8837
037 _bDBAD/PUB
082 _a844.08
100 _aمجا ہد ا لا سلا م
245 _aتحليل و تجز يہ
_cمجا ہد ا لا سلا م
246 _bTehlil-o-Tajziah (Urdu)
_aMujahid Ul Islam
260 _a Delhi
_bEducational Publishing House
_c2018 ء
270 _a3191،Vakil Street,Kucha Pandit,Lal Kuan,
_bDelhi
_e110006
_k23216162
_l00911123211540
300 _a272 ص
_c22 Cm(Hb)
942 _2ddc
_cUR
_h844.08
_mم ج ا